000
00203 a2200097 4500
001
25903
100
_a
Gupta Singh
245
_a
Microwave integrated circuits
260
_a
_b
_c
090
_c
17521
_d
17521
942
_a
NUST-CAE
_c
M
_c
8360
999
_c
260976
_d
260976